00383 2200145 4500245009500000250001100095100002400106650001700130650001600147005001900163260001800182041001400200084001400214336000900228 aIni Aku b : dengan Iringan Langkah Kecil dan Mimpi yang BesarcNirbita Aufa DyantahText aCet. 1 aNirbita Aufa Dyanta aAutobiografi aKarya Siswa a20250521111722 aJakartac2025 aIndonesia a081 NIR i atext